A preliminary study for verification of AASHTO temperature correction factors used in AASHTO overlay design for temperatures prevalent in Pakistan using deflection method and application of deflection testing for quality control during pavement construction (Record no. 551433)
[ view plain ]
| 000 -LEADER | |
|---|---|
| fixed length control field | 00673nam a22001577a 4500 |
| 082 ## - DEWEY DECIMAL CLASSIFICATION NUMBER | |
| Classification number | T-124 |
| 100 ## - MAIN ENTRY--PERSONAL NAME | |
| Personal name | Lt Col Muhammad Azim |
| 9 (RLIN) | 48514 |
| 245 ## - TITLE STATEMENT | |
| Title | A preliminary study for verification of AASHTO temperature correction factors used in AASHTO overlay design for temperatures prevalent in Pakistan using deflection method and application of deflection testing for quality control during pavement construction |
| Statement of responsibility, etc. | Lt Col Muhammad Azim |
| 260 ## - PUBLICATION, DISTRIBUTION, ETC. | |
| Place of publication, distribution, etc. | Risalpur |
| Name of publisher, distributor, etc. | MCE |
| Date of publication, distribution, etc. | 2002 |
| 300 ## - PHYSICAL DESCRIPTION | |
| Extent | xvi, 200 P, : |
| 526 ## - STUDY PROGRAM INFORMATION NOTE | |
| Program name | 0 |
| Interest level | 0 |
| Reading level | 0 |
| Title point value | T_124 |
| 650 ## - SUBJECT ADDED ENTRY--TOPICAL TERM | |
| Topical term or geographic name entry element | Master of Science in Civil Engineering |
| 650 ## - SUBJECT ADDED ENTRY--TOPICAL TERM | |
| Topical term or geographic name entry element | Thesis |
| 9 (RLIN) | 34811 |
| 700 ## - ADDED ENTRY--PERSONAL NAME | |
| Personal name | Col Dr Zafar Ahmed Malik |
| 9 (RLIN) | 48515 |
| 942 ## - ADDED ENTRY ELEMENTS (KOHA) | |
| Source of classification or shelving scheme | |
| Koha item type | Book |
| Withdrawn status | Lost status | Source of classification or shelving scheme | Damaged status | Not for loan | Permanent Location | Current Location | Date acquired | Total Checkouts | Full call number | Barcode | Date last seen | Price effective from | Koha item type | Public note |
|---|---|---|---|---|---|---|---|---|---|---|---|---|---|---|
| Military College of Engineering (MCE) | Military College of Engineering (MCE) | 12/12/2014 | T-124 | MCE-T-124 | 12/12/2014 | 12/12/2014 | Book | Thesis |
